| 000 | 00893cam a2200265 4500 | ||
|---|---|---|---|
| 008 | 090401t1991 xxu||||| |||| 00| 0 eng d | ||
| 020 | _a0854065024 | ||
| 035 | _a(Sirsi) u53606 | ||
| 041 | _aeng | ||
| 050 | _a347.4109 | ||
| 090 | _aRICS 1991/32ABCD | ||
| 110 |
_aRoyal Institution of Chartered Surveyors _94900 |
||
| 245 | _aGuidance notes for surveyors acting as arbitrators or as independent experts in rent reviews. | ||
| 250 | _a5th ed. | ||
| 260 |
_aLondon _bRICS Books _c1991 |
||
| 300 | _a42p.; 30cm. | ||
| 350 | _a16.5 | ||
| 520 | _aSUPERSEDED: Replaced by 6th edition (RICS 1993/54). | ||
| 650 | _aMANAGEMENT-DISPUTE AVOIDANCE, MANAGEMENT AND RESOLUTION-DISPUTE MANAGEMENT AND RESOLUTION-ARBITRATION | ||
| 650 | _aEXPERT WITNESSES | ||
| 650 | _aRENT REVIEWS | ||
| 690 | _aMANAGEMENT-BUSINESS MANAGEMENT-PROFESSIONAL PRACTICE | ||
| 942 | _n0 | ||
| 948 | _c04/03/1997 | ||
| 999 |
_c93305 _d93305 |
||